000 01917nam a2200265 a 4500
001 ASIN1844073688
003 OSt
005 20170105102906.0
008 131024s2006 xxu eng d
020 _a1844073688 (hardcover)
_c$135.00
020 _a9781844073689 (hardcover)
040 _aa
050 0 4 _aJZ4841
082 0 4 _a352.106
_bNON 2006
245 0 0 _aNgo accountability :
_bpolitics, principles and innovations /
_cLisa Jordan, Peter van Tuijl, Mike Edwards.
260 _a[S.l.] :
_bRoutledge,
_c2006.
300 _a288 p. ;
_c24 cm.
520 _aAs the fastest growing segment of civil society, as well as featuring prominently in the global political arena, NGOs are under fire for being 'unaccountable'. But who do NGOs actually represent? Who should they be accountable to and how? This book provides the first comprehensive examination of the issues and politics of NGO accountability across all sectors and internationally. It offers an assessment of the key technical tools available including legal accountability, certification and donor-based accountability regimes, and questions whether these are appropriate and viable options or attempts to 'roll-back' NGOs to a more one-dimensional function as organizers of national and global charity. Input and case studies are provided from NGOs such as ActionAid, and from every part of the globe including China, Indonesia and Uganda. In the spirit of moving towards greater accountability the book looks in detail at innovations that have developed from within NGOs and offers new approaches and flexible frameworks that enable accountability to become a reality for all parties worldwide.
650 0 _aNon-governmental organizations
700 1 _aEdwards, Mike.
700 1 _aJordan, Lisa.
700 1 _aTuijl, Peter van.
856 4 0 _3Amazon.com
_uhttp://www.amazon.com/exec/obidos/ASIN/1844073688/chopaconline-20
942 _2ddc
_cBK
999 _c14890
_d14890